000 00249nam a22001217a 4500
041 _aENG
100 _aKumar.S
245 _aRtreasure Of R.C.C Designs
260 _aDelhi
_bStandard Book House
_c1963
300 _a1248
650 _aFS
856 _uFS
999 _c844
_d844